Southville International School and Colleges
Your cart is empty.
  • Cart
  • Lists
    Public lists Eva Luna New books Lux_list list_1
    Your lists Log in to create your own lists
  • Log in to your account
  • Your cookies
  • Search history
Southville International School and Colleges
  • Advanced search
  • Recent comments
  • Most popular
  • Libraries

Log in to your account

Log in with GOOGLE


If you do not have an external account, but do have a local account, you can still log in:

  1. Home
  2. MARC view: The lost hero
Normal view MARC view ISBD view

The lost hero (Record no. 11576)

[ view plain ]
MARC details
000 -LEADER
fixed length control field 01392cam a2200373 a 4500
001 - CONTROL NUMBER
control field 16275792
003 - CONTROL NUMBER IDENTIFIER
control field PILC
005 - DATE AND TIME OF LATEST TRANSACTION
control field 20160114123547.0
008 - FIXED-LENGTH DATA ELEMENTS--GENERAL INFORMATION
fixed length control field 100610s2010 nyu c 000 1 eng
010 ## - LIBRARY OF CONGRESS CONTROL NUMBER
LC control number 2010015469
020 ## - INTERNATIONAL STANDARD BOOK NUMBER
International Standard Book Number 9781423142652
040 ## - CATALOGING SOURCE
Original cataloging agency DLC
Transcribing agency DLC
Modifying agency DLC
042 ## - AUTHENTICATION CODE
Authentication code lcac
-- pcc
050 00 - LIBRARY OF CONGRESS CALL NUMBER
Classification number PZ 7.R4829
Item number .R585 2010
082 ## - DEWEY DECIMAL CLASSIFICATION NUMBER
Classification number FIC
Item number R47 2010
100 1# - MAIN ENTRY--PERSONAL NAME
Personal name Riordan, Rick.
9 (RLIN) 18585
245 14 - TITLE STATEMENT
Title The lost hero
Statement of responsibility, etc Rick Riordan
250 ## - EDITION STATEMENT
Edition statement 1st ed.
260 ## - PUBLICATION, DISTRIBUTION, ETC. (IMPRINT)
Place of publication, distribution, etc New York :
Name of publisher, distributor, etc Disney/Hyperion Books,
Date of publication, distribution, etc c2010.
300 ## - PHYSICAL DESCRIPTION
Extent 553 p. ;
Dimensions 22 cm.
490 0# - SERIES STATEMENT
Series statement Heroes of Olympus ;
Volume number/sequential designation bk. 1
520 ## - SUMMARY, ETC.
Summary, etc Jason, Piper, and Leo, three students from a school for "bad kids," find themselves at Camp Half-Blood, where they learn that they are demigods and begin a quest to free Hera, who has been imprisoned by Mother Earth herself.
650 #0 - SUBJECT ADDED ENTRY--TOPICAL TERM
Topical term or geographic name as entry element Mythology, Greek
Form subdivision Juvenile fiction.
9 (RLIN) 20656
650 #1 - SUBJECT ADDED ENTRY--TOPICAL TERM
Topical term or geographic name as entry element Mythology, Greek
Form subdivision Fiction.
9 (RLIN) 20657
650 #1 - SUBJECT ADDED ENTRY--TOPICAL TERM
Topical term or geographic name as entry element Camps
Form subdivision Fiction.
9 (RLIN) 20658
650 #1 - SUBJECT ADDED ENTRY--TOPICAL TERM
Topical term or geographic name as entry element Hera (Greek deity)
Form subdivision Fiction.
9 (RLIN) 20659
650 #1 - SUBJECT ADDED ENTRY--TOPICAL TERM
Topical term or geographic name as entry element Gaia (Greek deity)
Form subdivision Fiction.
9 (RLIN) 20660
650 #1 - SUBJECT ADDED ENTRY--TOPICAL TERM
Topical term or geographic name as entry element Monsters
Form subdivision Fiction.
9 (RLIN) 20661
856 42 - ELECTRONIC LOCATION AND ACCESS
Materials specified Publisher description
Uniform Resource Identifier <a href="http://www.loc.gov/catdir/enhancements/fy1010/2010015469-d.html">http://www.loc.gov/catdir/enhancements/fy1010/2010015469-d.html</a>
906 ## - LOCAL DATA ELEMENT F, LDF (RLIN)
a 7
b cbc
c orignew
d 1
e ecip
f 20
g y-gencatlg
942 ## - ADDED ENTRY ELEMENTS (KOHA)
Source of classification or shelving scheme Library of Congress Classification
Koha item type Books
Holdings
Withdrawn status Lost status Source of classification or shelving scheme Damaged status Home library Current library Shelving location Date acquired Total Checkouts Total Renewals Full call number Barcode Date last seen Date checked out Copy number Price effective from Koha item type
    Library of Congress Classification   Luxembourg Library Luxembourg Library Fiction Section 09/17/2013 5 1 PZ 7.R4829 .R585 2010 18812 01/16/2020 01/09/2020 1 09/17/2013 Books

The lost hero

APA

Riordan R., . (2010). The lost hero. New York: Disney/Hyperion Books.

Chicago

Riordan Rick, . 2010. The lost hero. New York: Disney/Hyperion Books.

Harvard

Riordan R., . (2010). The lost hero. New York: Disney/Hyperion Books.

MLA

Riordan Rick, . The lost hero. New York: Disney/Hyperion Books. 2010.

  • Place hold
  • Print
  • Cite
  • Add to your cart (remove)
  • Save record
    BIBTEX Dublin Core MARCXML MARC (non-Unicode/MARC-8) MARC (Unicode/UTF-8) MARC (Unicode/UTF-8, Standard) MODS (XML) RIS
  • More searches
    Search for this title in:
    Other Libraries (WorldCat) Other Databases (Google Scholar) Online Stores (Bookfinder.com) Open Library (openlibrary.org)

Exporting to Dublin Core...

SOUTHVILLE LIBRARY

Southville International School and Colleges Library

1281 Tropical Ave. Cor. Luxembourg St., BF Homes International, Las Pinas City

Tel. No. 8256374 / 252358 Loc. 117/146

Powered by Koha